000 00638nam a2200169 i 4500
001 44093
003 ES-MaACL
005 20230906160943.0
007 t|
008 030320s1959 sp ||||1| spa d
100 1 _aCicognani, Amleto Giovanni
_cArzobispo de Laodicea.
_938753
245 1 3 _aEl sacerdote en las epístolas de San Pablo /
_cselección de textos y comentarios por Amleto Giovanni Cicognani ; traducción del inglés por Justo Pérez Usoz.
260 _aMadrid :
_bRazón y Fé,
_c[1959] (
_fBolaños y Aguilar)
300 _a283 p. ;
_c16 cm.
700 1 _aPérez Usoz, Justo.
_991189
852 _aES-MaACL
_jC-18126
_bR.44014
999 _c44093
_d44093